Statistics for Biggest Cities in The Ruhr

Click here to take the quiz!

General Stats

  • This quiz has been taken 165 times
  • The average score is 8 of 15

Answers on the Map

Answers color-coded by a green-red scale on the quiz's map according to % correct below.
 

Answer Stats

HintAnswer% Correct
587 kDortmund
94%
583 kEssen
93%
498 kDuisburg
77%
364 kBochum
72%
260 kGelsenkirchen
64%
210 kOberhausen
46%
179 kHamm
45%
117 kBottrop
39%
188 kHagen
39%
170 kMülheim an der Ruhr
38%
112 kRecklinghausen
37%
156 kHerne
36%
103 kMoers
33%
96.6 kWitten
27%
86.4 kLünen
23%

Score Distribution

Percentile by Number Answered

Percent of People with Each Score

Your Score History

You have not taken this quiz